Rich Dad Poor Dad (Record no. 41488)
[ view plain ]
| 000 -LEADER | |
|---|---|
| fixed length control field | 00303nam a2200121Ia 4500 |
| 008 - FIXED-LENGTH DATA ELEMENTS--GENERAL INFORMATION | |
| fixed length control field | 240719s9999 xx 000 0 und d |
| 041 ## - LANGUAGE CODE | |
| Language code of text/sound track or separate title | eng |
| 082 ## - DEWEY DECIMAL CLASSIFICATION NUMBER | |
| Classification number | 823 KIY |
| 100 ## - MAIN ENTRY--PERSONAL NAME | |
| Personal name | Kiyosaki, Robert T |
| 245 ## - TITLE STATEMENT | |
| Title | Rich Dad Poor Dad |
| 260 ## - PUBLICATION, DISTRIBUTION, ETC. | |
| Place of publication, distribution, etc. | New Dehli |
| Name of publisher, distributor, etc. | Plata Publishing, |
| Date of publication, distribution, etc. | 2011 |
| 300 ## - PHYSICAL DESCRIPTION | |
| Extent | 352;. P. 17 cm |
| Withdrawn status | Lost status | Damaged status | Not for loan | Home library | Current library | Shelving location | Date acquired | Total Checkouts | Total Renewals | Full call number | Barcode | Date due | Date last seen | Date last checked out | Price effective from | Koha item type |
|---|---|---|---|---|---|---|---|---|---|---|---|---|---|---|---|---|
| IMTN | IMTN | Rack 40-B | 06/05/2024 | 12 | 3 | 823 KIY | 33537 | 01/17/2026 | 01/07/2026 | 01/07/2026 | 07/19/2024 | Books |